1051 1117 1813 1139 1650 1416 1978 1940 1147 1992 1374 1752 1593 1527 1649 1401 1813 1992 1528 1968 1692 1573 1579 1929 1637 1774 1800 1869 1170 1430 1209 1520 1350 1646 1643 1056 1997 1003 1142 1303 1853 1790 1603 1045 1055 1593 1307 1285 1624 1535 1544 1601 1221 1117 1537 1142 1498 1043 1591 1875 1564 1910 1580 1528 1125 1471 1655 1211 1677 1239 1749 1604 1314 1347 1736 1551 1689 1170 1656 1472 1762 1451 1014 1293 1991 1905 1915 1987 1156 1133 1555 1191 1144 1512 1060 1582 1927 1239 1696 BCNSPRNW ULIB Ver.6.0+V

เปลี่ยนเป็นภาษาไทย

Change to English
 แสดงรายละเอียดบรรณานุกรม
  กลับหน้าหลัก

Brief Record : Get Marc (ISO 2709) : E-mail record : QR code < ปิดหน้าต่าง
LEADER : 00000nam 2200000uu 4500
001    13399113045
003     ULIB
008    110922s2552||||th 000 0 tha d
020    9786167276045
050 04 PE1130.A3^bว734ฝ 2552
100 0  วิไลลักษณ์ ใจกว้าง
245 10 ฝึกอ่านภาษาอังกฤษซะให้เก็ท ฉบับฝึกอ่านภาษาอังกฤษจาก The 7 wonders of the world /^cวิไลลักษณ์ ใจกว้าง
260    กรุงเทพฯ :^bMinibear,^c2552
300    170 หน้า :^bภาพประกอบ ;^c21 ซม
505 2  ซีเชน อิตซ่า : นครแห่งชาวมายา ประเทศเม็กซิโก -- ไครสต์ เดอะรีดีมเมอร์ : อ้อมกอดที่ยิ่งใหญ่จากพระผู้เป็นเจ้าเมืองริโอ เดอ จาเนโร ประเทศบราซิล -- โคลอสเซียม : จุดเริ่มต้นแห่งการรบที่ยิ่งใหญ่ ประเทศอิตาลี -- กำแพงเมืองจีน : เรื่องเล่าที่แสนยาวนานจากอดีต ประเทศจีน -- มาชู ปิกชู : นครสาบสูญของชาวอินคา ประเทศเปรู -- เปตรา : ศิลานครที่สาบสูญ ประเทศจอร์แดน -- ทาจ มาฮาล : อนุสรณ์แห่งรักนิรันดร์ ประเทศอินเดีย -- มหาปิรามิดกีซ่า : สิ่งมหัศจรรย์ชั้นเลิศแห่งโลกโบราณ ประเทศอิยิปต์
650  7 ภาษาอังกฤษ^xการอ่าน
650  7 ภาษาอังกฤษ^xไวยากรณ์
945    ^p155^l0^i027147
945    ^p155^l0^i027148
995    ทศพร
999 ^a ทศพร
รายการนี้ยังไม่มีแท็ก
คุณยังไม่ได้ล็อกอิน คุณสามารถมีกิจกรรมร่วมกับเว็บไซต์ได้ แต่ต้องล็อกอินก่อน ::
  ล็อกอิน

รายการสื่อสารสนเทศ

ลำดับที่ ประเภท เลขเรียก/บาร์โค้ด สถานที่ สถานะ
- ไม่พบข้อมูล -

รายการใกล้เคียง
    ผู้แต่ง [วิไลลักษณ์ ใจกว้าง]

BibComment


ยังไม่เคยถูกคอมเมนท์

คอมเมนท์ทรัพยากรรายการนี้
  คอมเมนท์: ฝึกอ่านภาษาอังกฤษ..


 Copyright 2026. Bcnsprnw @Library